[Event "FIDE Zone 3.4 Men-ch 2017"]
[Site "Tashkent"]
[Date "2017.06.23"]
[Round "8"]
[White "Atabayev, Maksat"]
[Black "Tologontegin, Semetey"]
[Result "1/2-1/2"]
[WhiteElo "2498"]
[BlackElo "2439"]
[Annotator "TA"]
[PlyCount "122"]
[EventDate "2017.??.??"]
[EventType "swiss"]
[EventCountry "UZB"]
[SourceTitle "playchess.com"]
[Source "ChessBase"]
[SourceQuality "1"]

{[%evp 15,122,18,37,17,35,15,26,9,18,9,19,12,8,-22,-12,-32,-28,-29,-4,-5,0,0,0,-11,-17,-19,-25,-28,-21,-35,-27,-51,-48,-69,-52,-62,-47,-64,-70,-76,-54,-84,-78,-75,-75,-75,-64,-83,0,-78,-95,-84,-78,-89,-50,-76,0,-97,-94,-91,0,-47,0,0,0,0,0,0,0,0,0,0,0,-14,0,0,0,-79,97,0,89,89,89,97,89,85,85,0,0,0,0,0,0,0,0,0,0,0,62,68,63,75,20,0,0,0,36,0,0]} 1. Nf3 Nf6 2. g3 d5 3. Bg2 c6 4. c4 Bf5 5. O-O e6 {[%cal Be7e6,Be6d5,Bd5d4][%mdl 32]} 6. d3 Nbd7 7. cxd5 exd5 8. Nc3 Be7 {LiveBook: 31 Games. A11: English Opening: 1...c6} 9. Re1 (9. e4 $5 dxe4 10. dxe4 Nxe4 11. Nd4 Nxc3 12. bxc3 $11) 9... Bg6 $146 ({Predecessor:} 9... Nc5 10. Nd4 Bg6 11. b4 Ncd7 12. a3 O-O 13. Nb3 Nb6 14. Be3 Ng4 15. Bd4 Bf6 16. e3 {1-0 (74) Klenburg,M (2403)-Postny,E (2674) Haifa 2008}) 10. Nh4 d4 11. Nxg6 hxg6 12. Ne4 Nxe4 13. dxe4 Qb6 14. e3 Bc5 15. exd4 Bxd4 16. Be3 Bxe3 17. Rxe3 Nc5 {[%cal Bd7c5,Bc5e6,Be6d4][%mdl 32]} 18. Qc2 Rd8 19. Rc1 Ne6 20. Rb3 Qc7 $1 21. Ra3 O-O 22. Bf1 ({Of course not} 22. Rxa7 Nd4 $17) 22... Nd4 $36 {[%mdl 2048] Black fights for an advantage.} 23. Qc5 b6 24. Qc4 a5 25. Rd3 Qe5 26. Re3 g5 27. h3 Rd6 28. b4 axb4 29. Qxb4 c5 30. Qc4 Kh8 31. Bd3 Kg8 (31... Qe7 $17) 32. a4 (32. Bf1 $1 $11) 32... Ra8 $17 33. Rb1 Qe8 34. Ra1 Qd7 {aiming for ...b5.} 35. Bf1 Qe8 ({Black should play} 35... Re6 $17) 36. a5 (36. Bd3 $1 $11) 36... Qe5 {And now ...Nc2! would win.} 37. Qc3 {[#]} Rd7 (37... c4 $1 $17 {[%mdl 512]} 38. Bxc4 (38. Qxc4 Nc2) 38... b5) 38. Kg2 Rda7 {[%cal Ra7a5]} 39. a6 Qd6 {Black wants to play ...b5.} 40. Bc4 b5 41. Bd5 Rb8 42. Rd3 b4 43. Qc4 b3 44. Bb7 Rbxb7 45. axb7 Rxb7 (45... Rxa1 $2 {loses.} 46. Rxd4 $1 {[%mdl 512]} b2 47. Rxd6 $16) 46. Rc3 (46. Qd5 $11 Qxd5 47. exd5) 46... Rb5 $2 (46... Qe7 $1 $17 {and life is bright.} 47. f3 Ra7) 47. Qd5 (47. Ra8+ $16 Kh7 48. Qxf7) 47... Qxd5 (47... Qe7 $11) 48. exd5 $11 {[%mdl 4096] Endgame KRR-KRN} Kf8 49. Re3 {Intending Ra8+ and mate.} Rb8 {[#] Hoping for ...Nc2.} 50. d6 $1 c4 {[#] Threatens to win with ...Nc2.} 51. Rc3 (51. Re4 $1 $16 {[%cal Re4d4]} Ne6 52. Rxc4) 51... Nc2 52. Rd1 Na3 53. d7 {Strongly threatening Re3.} Rd8 54. Kf3 f6 $1 55. h4 gxh4 56. gxh4 g6 (56... Ke7 $11 57. Re3+ Kf7) 57. Kg4 $1 $14 {f4 is the strong threat.} Ke7 $1 58. Re3+ Kf7 59. Rc3 Ke7 60. Re3+ Kf7 61. Rc3 Ke7 {Precision: White = 42%, Black = 57%.} 1/2-1/2

[Event "FIDE Zone 3.4 Men-ch 2017"]
[Site "Tashkent"]
[Date "2017.06.23"]
[Round "8"]
[White "Atabayev, Yusup"]
[Black "Sattarov, Bobir"]
[Result "1/2-1/2"]
[WhiteElo "2454"]
[BlackElo "2389"]
[Annotator "TA"]
[PlyCount "122"]
[EventDate "2017.??.??"]
[EventType "swiss"]
[EventCountry "UZB"]
[SourceTitle "playchess.com"]
[Source "ChessBase"]
[SourceQuality "1"]

{[%evp 26,122,25,-10,-14,-19,-30,-26,-26,-27,-22,-36,-25,-25,-18,-18,-36,-25,-27,-36,-22,-29,-26,-35,0,0,0,-28,-5,-18,-16,-19,0,-8,-8,-8,-1,-7,0,0,0,0,43,0,0,-12,-17,-33,-14,-11,0,0,0,0,0,0,4,3,8,12,12,0,2,0,0,0,0,0,0,0,0,-27,0,0,0,0,0,0,0,0,0,0,0,0,0,0,0,0,0,0,0,0,0,0,0,0,0,0,0]} 1. e4 e5 2. Nf3 Nc6 3. Bb5 a6 4. Ba4 Nf6 5. O-O Be7 6. Re1 d6 7. c3 O-O 8. h3 b5 9. Bb3 Bb7 10. d4 Re8 11. Nbd2 Bf8 12. a4 h6 13. d5 Nb8 {[%cal Bc6b8,Bb8d7,Bd7c5,Bc5d3][%mdl 32]} 14. Qe2 Nbd7 {C92: Closed Ruy Lopez: 9...Be6, Karpov and Flohr-Zaitsev Variations} 15. axb5 (15. c4) 15... axb5 16. Rxa8 Qxa8 {Black has an edge.} 17. Qxb5 Nc5 18. Bc2 Ba6 $1 {[%cal Ra6b5]} 19. Qa5 Bd3 20. Qxa8 Rxa8 21. Bxd3 Nxd3 22. Rd1 Ra2 $146 {[%mdl 1024] Black has compensation.} 23. Kf1 h5 24. Ke2 Nf4+ 25. Kf1 Nd3 26. Ke2 $1 {[%cal Re2d3]} Nxc1+ (26... Nc5 {seems wilder.} 27. Rg1 Nfxe4 28. Nxe4 Nxe4 29. Nd2 Nf6) 27. Rxc1 Rxb2 28. Kd1 g6 29. Rc2 Rb7 30. Ra2 Bh6 31. Kc2 g5 32. Ne1 g4 {Threatens to win with ...gxh3.} 33. f3 Kg7 (33... Bxd2 $5 34. Kxd2 gxh3 35. gxh3 Nd7 $11) 34. hxg4 hxg4 35. Nb3 Be3 36. c4 Rb8 37. Kc3 g3 38. Nd3 Nh5 39. Re2 Bg5 40. c5 dxc5 41. Nbxc5 {Black should prevent Nd7.} Be7 42. Nd7 Re8 $1 43. Kc4 ({Don't take} 43. N7xe5 $6 Bf6 $18) 43... Bd6 44. Ra2 Kg6 45. Rb2 f5 46. N7c5 Ra8 47. exf5+ Kxf5 48. Re2 Ra5 49. Ne4 {The position is equal.} Ra4+ 50. Kc3 Rd4 51. Re1 Rxd5 52. Rh1 Nf4 53. Nxg3+ Ke6 54. Rh6+ Kd7 55. Nxf4 exf4 $11 {[%mdl 4096] Endgame KRB-KRN} 56. Ne4 {[#] Black must now prevent Nf6+.} Ra5 57. Nxd6 (57. Kb2 {looks sharper.} Be5+ 58. Kb3 Bd6 59. Rf6 Ra3+ 60. Kb2) 57... cxd6 58. Kd4 Re5 59. Rg6 (59. g3 $5) 59... Ke7 60. Rg4 Re2 61. Kd3 (61. Rxf4 $5 {[%cal Rf4e4]} Rxg2 62. Rh4 $11) 61... Re3+ $1 {Precision: White = 81%, Black = 67%.} 1/2-1/2

[Event "FIDE Zone 3.4 Men-ch 2017"]
[Site "Tashkent"]
[Date "2017.06.23"]
[Round "8"]
[White "Kostenko, Petr"]
[Black "Vakhidov, Jahongir"]
[Result "0-1"]
[WhiteElo "2438"]
[BlackElo "2519"]
[Annotator "TA"]
[PlyCount "118"]
[EventDate "2017.??.??"]
[EventType "swiss"]
[EventCountry "UZB"]
[SourceTitle "playchess.com"]
[Source "ChessBase"]
[SourceQuality "1"]

{[%evp 9,118,47,80,54,77,53,74,78,116,81,129,127,144,130,143,124,152,143,173,164,174,172,226,204,223,221,244,193,214,208,212,185,208,187,195,172,149,154,183,156,187,172,179,114,124,131,141,124,95,53,55,79,109,90,100,102,134,111,127,102,81,93,40,42,138,132,116,67,116,85,90,0,0,0,0,0,0,0,68,59,50,0,0,-191,0,0,0,-65,-124,-152,79,64,89,-617,-472,-508,-602,-507,-593,-5397,-2505,-1330,0,0,0,-29988,-29989,-29989,-29990,-29989,-29990]} 1. d4 d6 2. e4 Nf6 3. Nc3 g6 4. Bf4 Bg7 5. Qd2 h6 6. h3 {B07: Pirc Defence: Miscellaneous Systems} Nc6 7. O-O-O Nd7 $146 ({Predecessor:} 7... a6 8. Nf3 Nd7 9. e5 dxe5 10. dxe5 e6 11. g4 Qe7 12. Bg2 {1-0 (24) Nabaty,T (2649)-Dvoirys,S (2534) Tiberias 2016}) 8. Be3 {White is better.} Nb6 9. f4 e6 10. Nf3 Ne7 11. g4 Bd7 12. Rg1 Bc6 13. b3 Qd7 14. a4 $1 d5 15. e5 Nbc8 (15... a6 $142 16. Kb2 Nbc8) 16. Kb2 a5 17. Bd3 Na7 18. Ra1 Bf8 19. Ne2 b6 20. Ng3 Bb7 21. Qf2 Nac6 22. c3 Ba6 23. Bxa6 Rxa6 24. Ne1 Nd8 25. Nd3 Ra8 26. Qf3 ({White should try} 26. h4 $18) 26... Rb8 27. Kc2 h5 28. gxh5 Nf5 29. Nxf5 gxf5 30. Bf2 Be7 31. Rg7 {Black must now prevent Rag1.} Bf8 32. Rg2 Qe7 33. Kd2 Rc8 34. c4 {[%cal Bc3c4,Bc4c5][%mdl 32]} Qd7 35. c5 $1 Nc6 36. Rag1 Qe7 ({Better is} 36... Rh7 $14 37. Rg5 Rb8) 37. Rg8 $16 Rh7 38. Qe2 Kd7 39. Rc1 Rb8 40. Kd1 (40. cxb6 cxb6 41. Qd1 Rc8) (40. Ne1 $16) 40... b5 $1 $11 41. b4 {[%cal Bb3b4,Bb4a5][%mdl 32] bxa5 is the strong threat.} bxa4 42. bxa5 {Strongly threatening Ra1.} Qd8 43. Ra1 {aiming for a6.} Qc8 (43... Rb3 $11) 44. Rxa4 $14 {Hoping for a6.} Rb1+ $1 45. Kd2 Qb8 46. Ke3 $2 {[#]} (46. Ra2 $11 Qb3 47. Ke3) 46... Qb5 $2 (46... Rb3 $1 $19 {And now ...Qb5 would win.} 47. Ra1 Qb4) 47. Ra3 $11 ({Don't blunder} 47. Rxf8 $2 Qxa4 48. Kf3 Rb3 $19) 47... Nxd4 $1 48. Qa2 (48. Kxd4 $11 Qc4+ 49. Ke3 Bxc5+ 50. Kf3 Bxa3 {[#]} 51. a6 $1 {[%mdl 512]}) 48... Rxh5 $15 49. h4 Rb3 $2 (49... Bxc5 $17 {and life is bright.} 50. Nxc5+ Qxc5 51. Qxb1 Qxa3+ 52. Qd3 Qc1+ 53. Qd2 Qxd2+ 54. Kxd2 Nb3+ 55. Kc3 Nxa5) 50. Rxb3 Nxb3 51. Rxf8 $4 {[%mdl 8192]} (51. c6+ $16 Kxc6 52. Qc2+ Bc5+ 53. Kf3) 51... d4+ $19 52. Kf3 Qxd3+ 53. Kg2 Ke7 {Threatens to win with ...Nd2.} 54. Rg8 Nd2 55. c6 Qf1+ $2 (55... Qf3+ $19 56. Kg1 Rh8 57. Re8+ Kxe8 58. Qxd2 Qh3 59. Bg3 Rg8 60. Qg2 Rxg3 61. Qxg3 Qxg3+ 62. Kf1 d3 63. a6 d2 64. Ke2 Qe1+ 65. Kf3 Qg1 66. h5 d1=Q#) 56. Kg3 $11 {[%cal Ra2a3]} Ne4+ $40 {[%mdl 128] Black has some attack.} 57. Kf3 $2 {[%mdl 8192]} (57. Kh2 $11 Qxf2+ 58. Qxf2 Nxf2 59. a6 Rxh4+ 60. Kg2) 57... Qh1+ {Black mates.} 58. Ke2 Nc3+ 59. Kd3 Qf3+ {Precision: White = 46%, Black = 54%.} 0-1

[Event "FIDE Zone 3.4 Men-ch 2017"]
[Site "Tashkent"]
[Date "2017.06.23"]
[Round "8"]
[White "Khusenkhojaev, Muhammad"]
[Black "Esenov, Annaberdi"]
[Result "1/2-1/2"]
[WhiteElo "2424"]
[BlackElo "2325"]
[Annotator "TA"]
[PlyCount "114"]
[EventDate "2017.??.??"]
[EventType "swiss"]
[EventCountry "UZB"]
[SourceTitle "playchess.com"]
[Source "ChessBase"]
[SourceQuality "1"]

{[%evp 20,114,24,20,47,57,60,63,56,57,76,76,72,70,79,80,111,103,78,59,66,64,101,101,101,89,83,65,107,107,108,99,108,87,83,50,54,16,17,16,21,1,17,14,17,17,16,10,20,0,8,8,8,8,8,8,8,0,16,20,20,20,20,8,43,43,43,43,43,43,43,43,43,43,43,43,43,43,43,43,43,8,8,8,8,0,0,0,0,0,0,0,0,0,0,-8,-8]} 1. d4 Nf6 2. Nf3 c5 3. c4 cxd4 4. Nxd4 g6 5. g3 Bg7 6. Bg2 Nc6 7. O-O O-O 8. Nc3 Qb6 9. Nb3 d6 10. Bg5 Be6 {A39: Symmetrical English vs ...g6: 4 Bg2 Bg7 5 Nf3 Nf6 6 0-0 0-0 7 d4} 11. Nd5 {LiveBook: 15 Games} Qa6 $146 ({Predecessor:} 11... Bxd5 12. cxd5 Na5 13. Be3 Qb5 14. Nd4 Qd7 15. b3 Ng4 16. Bc1 Qc7 17. Bb2 Qb6 18. e3 {0-1 (46) Aloma Vidal,R (2472)-Antoli Royo,J (2449) Lorca 2015}) 12. Nc7 Qxc4 {White is slightly better.} 13. Nxa8 Rxa8 14. Rc1 Qa4 15. Bxc6 $1 bxc6 16. Nd4 Qxa2 17. Nxe6 ({Inferior is} 17. Rxc6 Bh3 $17) 17... fxe6 18. Rxc6 Qxb2 19. Qc2 (19. Qd3 {keeps more tension.} a5 20. Rfc1 Qb8 21. Qc4 Kf7 22. Rc8) 19... Qxc2 20. Rxc2 a5 21. Rfc1 Kf7 {[#]} 22. Rc8 $1 {[%cal Rc8a8]} Ra7 23. R1c7 Rxc7 24. Rxc7 $14 {[%mdl 4096] Endgame KRB-KBN} Nd5 25. Ra7 {[%mdl 1024] White has strong compensation.} Bc3 26. Kf1 Nf6 27. Bc1 e5 28. e3 Bb4 29. Ke2 e4 30. f3 Ke6 31. Bb2 exf3+ 32. Kxf3 h5 33. Bd4 g5 34. Bb6 Ng4 35. h3 Ne5+ 36. Ke2 Nc4 37. Bd4 Nd2 38. Bb6 g4 39. hxg4 hxg4 40. Bd8 d5 41. Ra6+ (41. Bxe7 $5 Ne4 42. Bd8 $14) 41... Kf5 42. Bxa5 Bxa5 43. Rxa5 {KR-KN} Ne4 44. Rxd5+ e5 45. Rd8 Nxg3+ 46. Kf2 Ne4+ 47. Kg2 Nc3 48. Rd3 Ne4 49. Ra3 Nc5 50. Ra5 (50. Rc3 $5 {[%cal Rc3c5]} Ne4 51. Ra3 $16) 50... Nd3 {The position is equal.} 51. Ra4 $1 Nb2 52. Ra3 (52. Ra1 {with more complications.} Ke4 53. Kf2 g3+ 54. Ke2 g2 55. Rc1) 52... Ke4 53. Kg3 Nd3 54. Kxg4 Kxe3 55. Kf5 e4 56. Ra4 Nf2 57. Rxe4+ Nxe4 {Precision: White = 64%, Black = 69%.} 1/2-1/2

[Event "FIDE Zone 3.4 Men-ch 2017"]
[Site "Tashkent"]
[Date "2017.06.23"]
[Round "8"]
[White "Fayzullaev, Akmal"]
[Black "Odeev, Handszar"]
[Result "1/2-1/2"]
[WhiteElo "2391"]
[BlackElo "2405"]
[Annotator "TA"]
[PlyCount "114"]
[EventDate "2017.??.??"]
[EventType "swiss"]
[EventCountry "UZB"]
[SourceTitle "playchess.com"]
[Source "ChessBase"]
[SourceQuality "1"]

{[%evp 11,114,0,10,0,18,16,24,-2,12,10,4,-14,4,7,29,-13,45,45,45,47,42,40,50,50,44,52,54,54,60,65,69,44,37,39,54,25,39,19,22,22,46,24,24,24,30,0,0,0,0,-61,-33,-63,-20,-56,-56,-56,-56,-56,-55,-54,-55,-54,-52,-54,-56,-46,-62,-47,-32,-32,-32,-32,-32,-32,-32,-32,-32,-32,-23,-23,-23,-32,-32,-32,-32,-32,-21,-31,-18,-97,-97,-97,-97,-97,-97,-97,-97,-97,-97,-97,0,-97,0,-97,0]} 1. Nf3 Nf6 2. d4 g6 3. Bf4 Bg7 4. e3 O-O 5. c3 d6 6. h3 Nc6 7. Be2 {A48: 1 d4 Nf6 2 Nf3 g6: Torre, London and Colle Systems} Nd7 8. O-O e5 9. Bh2 {White has an edge.} f5 10. b4 {[%cal Bb2b4,Bb4b5][%mdl 32]} (10. a4 Qe7 11. Na3 Nd8 12. dxe5 Nxe5 13. Nc4 Nxf3+ 14. Bxf3 Nf7 {½-½ (23) Tomashevsky,E (2711)-Salem,A (2656) Sharjah 2017}) 10... Qe7 11. Na3 Nb6 $146 ({Predecessor:} 11... e4 12. Nd2 Nf6 13. Nac4 Nd8 14. a4 Nf7 15. Re1 {0-1 (37) Ortega Izquierdo,A (2330)-Vescovi,G (2465) Catania 1995}) 12. Nc4 Kh8 13. b5 Nd8 ({Black should try} 13... Nxc4 $11 14. Bxc4 Na5) 14. dxe5 $14 Nxc4 15. Bxc4 {[%cal Re5d6]} dxe5 16. Qb3 Ne6 17. Rad1 ({Not} 17. Bxe5 $2 Bxe5 18. Nxe5 Nc5 $19) 17... Nc5 18. Qa3 b6 19. Bd5 Rb8 20. Nd4 Bd7 $1 21. Nc6 Bxc6 $1 22. Bxc6 {Black must now prevent Rd7!} Rbd8 23. Qxa7 f4 24. exf4 exf4 25. Qa3 g5 26. c4 Rxd1 27. Rxd1 Qe2 {[%cal Re2d1] [#]} 28. Qf3 Qxa2 29. h4 gxh4 30. Qg4 ({Better is} 30. Bd5 $11) 30... Qxc4 $15 31. Qxh4 Qe2 {[%cal Re2d1] [#]} 32. Rf1 Qe5 33. g3 Ne6 34. gxf4 Nxf4 35. Qg4 Qd4 36. Kh1 Be5 37. Bg3 Qd6 {aiming for ...Rg8.} 38. Re1 Qh6+ 39. Kg1 Bd6 40. Re8 Rxe8 41. Bxe8 Qe6 42. Qxe6 Nxe6 {[%mdl 4096] Endgame KBB-KBN} 43. Bh4 $1 Kg7 44. Kg2 Nf4+ 45. Kf3 Kf8 46. Bc6 Ng6 47. Bf6 Kf7 48. Bc3 Be5 49. Bd2 Bd4 50. Bf4 (50. Be4 $11) 50... Nxf4 $17 51. Kxf4 Bxf2 {KB-KB} 52. Kg4 Kg7 53. Kh5 Be1 54. Kg5 Ba5 55. Kh5 Be1 56. Kg5 Ba5 57. Kh5 $1 Be1 {Precision: White = 64%, Black = 50%.} (57... h6 $17 58. Be4 Bb4) 1/2-1/2

[Event "FIDE Zone 3.4 Men-ch 2017"]
[Site "Tashkent"]
[Date "2017.06.23"]
[Round "8"]
[White "Sindarov, Javokhir"]
[Black "Abdusattorov, Nodirbek"]
[Result "1-0"]
[WhiteElo "2385"]
[BlackElo "2462"]
[Annotator "TA"]
[PlyCount "91"]
[EventDate "2017.??.??"]
[EventType "swiss"]
[EventCountry "UZB"]
[SourceTitle "playchess.com"]
[Source "ChessBase"]
[SourceQuality "1"]

{[%evp 16,91,61,52,124,78,97,102,111,66,70,54,71,71,54,59,49,65,62,71,60,56,62,51,80,67,70,64,60,70,196,154,217,203,365,326,339,298,458,247,238,228,246,234,282,267,335,357,375,339,616,605,715,715,710,698,655,638,989,987,947,889,2086,1057,971,704,1037,1021,2479,2337,2167,887,916,925,862,766,1310,1172]} 1. e4 c5 2. Nc3 a6 3. g3 b5 4. Bg2 Bb7 5. Nge2 e6 6. O-O d6 7. d4 {B23: Closed Sicilian: Lines without g3} cxd4 8. Nxd4 Nd7 9. Re1 {LiveBook: 29 Games. White is slightly better.} Nb6 $146 (9... Be7 $14) ({Predecessor:} 9... Rc8 10. a4 b4 11. Na2 Ngf6 12. Nxb4 d5 13. Nxd5 Bc5 14. Nxf6+ Nxf6 15. c3 {1-0 (51) Guseinov,G (2634)-Belov,V (2614) Berlin 2015}) 10. a3 {[%cal Ba2a3,Ba3a4][%mdl 32]} Qc7 11. a4 b4 12. Nd5 exd5 13. exd5+ Be7 $1 14. Nf5 Kf8 15. Bf4 Rd8 $1 ({Don't go for} 15... Bc8 $2 16. Rxe7 $1 {[%mdl 512]} Nxe7 17. Bxd6 $18) 16. Qd4 Bf6 17. Qxb4 Nc8 18. c4 {[%mdl 1024] White has compensation.} a5 19. Qa3 $1 $36 {[%mdl 2048] White has the initiative.} g5 20. Bd2 {Hoping for Bc3.} Nce7 21. Ne3 $1 h5 22. Rac1 $1 Qb6 (22... h4 $14) 23. b4 $18 axb4 (23... Qd4 $16 {was called for.} 24. Rcd1 h4) 24. Bxb4 Bd4 $2 (24... Kg7 25. a5 Qa6) 25. a5 Qc7 26. a6 Ba8 (26... Bxa6 $142 27. Qxa6 Rh6) 27. Red1 (27. c5 $142 Bxc5 28. Bxc5 dxc5 29. Rxc5) 27... Bc5 {[#]} 28. Qa1 $1 Rh6 29. Bc3 f5 30. Ba5 ({Weaker is} 30. Bg7+ Kf7 $16) 30... Qd7 31. Bxd8 Qxd8 32. Rb1 {aiming for a7.} Rh7 $2 (32... Ba7 33. Nc2 h4) 33. Nc2 {White is clearly winning.} Nc8 34. Nd4 Bxd4 35. Qxd4 Qc7 36. Re1 Re7 37. Rxe7 Ngxe7 38. Qh8+ Kf7 39. Qxh5+ Kf8 40. Rc1 g4 {[#]} 41. c5 $1 Kg7 (41... dxc5 42. Qh8+) 42. Qg5+ Kf7 43. c6 (43. cxd6 $142 Qxd6 {[#]} 44. Rxc8 $1 {[%mdl 512]} Qxa6 45. Qh5+ Qg6 46. Qxg6+ Nxg6 47. Rxa8) 43... Qa5 44. h3 gxh3 45. Bf3 Ke8 46. Qf6 {Precision: White = 70%, Black = 32%.} 1-0

[Event "FIDE Zone 3.4 Men-ch 2017"]
[Site "Tashkent"]
[Date "2017.06.23"]
[Round "8"]
[White "Kakabaev, Mergen"]
[Black "Markov, Mikhail"]
[Result "0-1"]
[WhiteElo "2348"]
[BlackElo "2413"]
[Annotator "TA"]
[PlyCount "80"]
[EventDate "2017.??.??"]
[EventType "swiss"]
[EventCountry "UZB"]
[SourceTitle "playchess.com"]
[Source "ChessBase"]
[SourceQuality "1"]

{[%evp 22,80,89,70,136,-27,-14,-14,-25,-26,0,-27,18,-46,-49,-65,0,-120,-113,-152,-146,-151,-142,-151,-77,-141,-110,-209,-204,-225,-206,-222,-216,-238,-225,-212,-221,-191,-156,-151,-152,-214,-180,-241,-229,-398,-380,-462,-454,-484,-491,-476,-400,-644,-380,-613,-617,-1097,-645,-29982,-29983]} 1. e4 c5 2. Nf3 d6 3. d4 cxd4 4. Nxd4 Nf6 5. Nc3 a6 6. Bg5 e6 7. f4 {[%cal Bf2f4,Bf4f5][%mdl 32]} Be7 8. Qf3 Qc7 9. O-O-O Nbd7 10. g4 b5 {[%cal Bb7b5,Bb5b4][%mdl 32]} 11. Bxf6 gxf6 12. f5 $1 {[%cal Rf5e6] LiveBook: 47 Games} Nc5 {B99: Sicilian Najdorf: 6 Bg5 e6 7 f4 Be7 8 Qf3 Qc7 9 0-0-0 Nbd7} (12... Ne5 $14 13. Qh3 O-O) 13. Bg2 $2 (13. g5 $1 $16) (13. a3 Rb8 14. b4 Nb7 15. g5 fxg5 16. fxe6 fxe6 17. Ncxb5 Qb6 18. Nc3 h5 19. Na4 Qc7 20. Bxa6 Bd7 21. Bb5 Nd8 {½-½ (21) Hracek,Z (2629)-Movsesian,S (2659) Czechia 1999}) 13... b4 $1 $11 {[%cal Rb4c3]} 14. Nce2 e5 $1 {White must now prevent ...Bb7.The position is equal.} 15. Nb3 Bb7 16. Ng3 a5 {[%cal Ba6a5,Ba5a4][%mdl 32]} 17. Bf1 $146 (17. Nxc5 $11 Qxc5 18. Kb1) ({Predecessor:} 17. Kb1 a4 18. Nd2 a3 19. b3 Rc8 20. Rc1 {1-0 (42) Morris,W (2345)-Browne,W (2540) Lone Pine 1979}) 17... a4 $36 {[%mdl 2048] Black fights for an advantage.} 18. Bb5+ Kf8 (18... Nd7 $15 19. Nd2 Ra5) 19. Qe3 (19. Nd2 $11) 19... Nxb3+ $17 20. Kb1 {[#] Qh6+ would kill now.} h5 $1 21. cxb3 (21. Nxh5 Nd4) 21... axb3 22. axb3 Ra5 ({Black should play} 22... hxg4 23. Qe2 Qa5) 23. Rc1 (23. Qe2 $142) 23... Qd8 24. Bc4 (24. Qe2 $17) 24... hxg4 $19 25. Qe2 Rh4 26. Rhd1 {[#]} Qa8 $1 27. Rd2 Kg8 28. Rcd1 Bf8 29. Kc2 Rc5 {...Qa2 is the strong threat.} 30. Kb1 Bc6 31. Qd3 (31. Rd3 $17) 31... Ra5 {Threatens to win with ...Ra1+.} 32. Kc2 {[#]} (32. Qe2 $142) 32... Rh3 $1 33. Rg2 $2 (33. Re2 {only move.}) 33... Bh6 34. Qe2 {[#]} Rxg3 $1 {[%mdl 512]} 35. Rxg3 Bxe4+ 36. Bd3 Bf3 37. Rxf3 (37. Qxf3 $142 Qxf3 38. Rxf3 gxf3 39. Be4) 37... Qxf3 38. Rg1 $2 (38. Qxf3 gxf3 39. Be4) 38... Kf8 39. Bc4 d5 40. Rxg4 Qxf5+ {Precision: White = 24%, Black = 66%.} 0-1

[Event "FIDE Zone 3.4 Men-ch 2017"]
[Site "Tashkent"]
[Date "2017.06.24"]
[Round "9"]
[White "Vakhidov, Jahongir"]
[Black "Markov, Mikhail"]
[Result "1-0"]
[WhiteElo "2519"]
[BlackElo "2413"]
[Annotator "TA"]
[PlyCount "73"]
[EventDate "2017.??.??"]
[EventType "swiss"]
[EventCountry "UZB"]
[SourceTitle "playchess.com"]
[Source "ChessBase"]
[SourceQuality "1"]

{[%evp 19,73,55,57,56,65,25,27,37,57,31,37,29,23,26,25,8,52,59,57,60,68,64,56,34,36,29,35,46,30,38,36,24,82,91,105,107,264,262,258,258,254,254,241,256,248,207,262,272,675,664,944,299,4586,1424,4952,4947]} 1. c4 e5 2. Nc3 c6 3. Nf3 d6 4. d4 Nd7 5. e4 Be7 6. Be2 Ngf6 7. O-O O-O 8. Qc2 Re8 9. Rd1 Qc7 10. h3 a5 {LiveBook: 4 Games. A55: Old Indian Defence with Nf3 and e4} (10... exd4 11. Nxd4 Bf8 12. Bg5 Nc5 13. Bxf6 gxf6 14. Bg4 Qe7 15. Re1 Bxg4 16. hxg4 Qe5 17. Nf5 Ne6 18. Rad1 {1-0 (29) Lagarde,M (2572)-Duboue,P (2397) Agen 2016}) 11. Bf1 $146 ({Predecessor:} 11. b3 h6 12. Be3 exd4 13. Nxd4 Nc5 14. Bf3 Nh7 15. Rd2 Bd7 16. Bg4 Rad8 17. Rad1 Bxg4 18. hxg4 {1-0 (97) Ashwin,J (2468)-Tomb,M (2109) Atlantic City 2016}) 11... Nf8 12. g3 Ne6 {White has an edge.} 13. Bg2 b5 14. d5 Nf8 15. dxc6 bxc4 16. Qa4 {With the idea Nd5.} Ra6 17. Nd2 Qxc6 18. Nxc4 Qxa4 19. Nxa4 Bb7 20. Nc3 $1 Rc8 21. b3 a4 {[#] ...axb3 is the strong threat.} 22. Be3 Ne6 23. Nb5 {[%cal Rb5d6]} Rd8 24. bxa4 Rxa4 25. Ncxd6 Bxd6 (25... Bxe4 $11 26. Nxe4 Nxe4) 26. Rxd6 $16 Rxd6 27. Nxd6 Bxe4 $2 (27... Ba6 $16) 28. Nxe4 Nxe4 29. Bxe4 Rxe4 $11 {[%mdl 4096] Endgame [#] KRB-KRN} 30. a4 $1 {[%cal Ba2a4,Ba4a5,Ba5a6,Ba6a7][%mdl 32]} f5 31. a5 {Threatens to win with a6.} f4 32. Bd2 Re2 33. Bb4 fxg3 $2 (33... Rc2 34. a6 Rc8) 34. a6 $18 Nc7 35. fxg3 $2 (35. a7) 35... Re3 $2 (35... Nxa6 36. Rxa6 h6 37. Ra8+ Kf7 38. Ra7+ Kg8) 36. a7 Kf7 37. Rc1 {Precision: White = 75%, Black = 42%.} 1-0